000
00272nam a2200109Ia 4500
008
200302s9999 xx 000 0 und d
100
_a
Percy Brown
245
_a
Indian Architecture Islamic Period
260
_b
CBS Publishers & Distributors
260
_c
2014
300
_a
134
999
_c
3668
_d
3668